000 00842nam0a22002651 4500
001 rc\4118895
005 20250611100401.0
021 _aRU
_b[56-58547]
035 _a(NLR Aleph) 008150980
090 _a7779010
_c7779010
100 _a20130415d1956 |||y0rusy50 ca
101 0 _arus
102 _aRU
105 _aa z |||||
200 1 _aИскусственное осеменение овец
_eПракт. руководство
205 _a3-е изд., испр. и доп.
210 _aМосква
_cСельхозгиз
_d1956
215 _a93 с.
_cил.
_d20
606 _aОвцы
_xИскусственное осеменение
_2psbo
700 1 _aОжин
_bФ.В.
_gФедор Васильевич
801 0 _aRU
_bNLR
_gpsbo
801 1 _aRU
_bELAR
_2rusmarc
852 _aNLR
_jС90 Г-4/4399
942 _cBOOK
980 _aNB